[Event "Capablanca Memorial Elite 32nd"]
[Site "Cienfuegos"]
[Date "1997.05.12"]
[Round "6"]
[White "Leko, Peter"]
[Black "Morovic Fernandez, Ivan"]
[Result "1-0"]
[WhiteElo "2600"]
[BlackElo "2580"]
[Annotator "Atlas,V"]
[PlyCount "77"]
[EventDate "1997.05.05"]
[EventType "tourn"]
[EventRounds "11"]
[EventCountry "CUB"]
[EventCategory "12"]
[SourceTitle "CBM 059"]
[Source "ChessBase"]
[SourceDate "1997.08.01"]
[SourceVersion "1"]
[SourceVersionDate "1997.08.01"]
[SourceQuality "1"]

1. e4 c5 2. Nf3 d6 3. d4 cxd4 4. Nxd4 Nf6 5. Nc3 a6 6. Be3 Ng4 7. Bg5 h6 8. Bh4
g5 9. Bg3 Bg7 10. Qd2 Nc6 11. Nb3 Nge5 12. a4 {The alternatives are} (12. f3
Ng6 (12... Be6 13. Nd5 b5 14. Bf2 Rb8 15. Nd4 Nxd4 16. Bxd4 Bxd5 17. exd5 Qc7
18. h4 Qb7 19. hxg5 Qxd5 20. gxh6 Bf6 21. c3 Bg5 22. Qxg5 Nxf3+ 23. gxf3 Qxg5
24. Bxh8 f6 25. Bg7 Kf7 26. Rd1 b4 27. Bc4+ e6 28. Kf1 $18 {Ye Jiangchuan-Xu
Jun/Beijing op 1993.}) (12... Na5 13. Bf2 Nec4 14. Qc1 Be6 15. Nd4 Rc8 16. Be2
Qc7 17. Nd1 d5 18. Nxe6 fxe6 19. O-O dxe4 20. b4 Nd6 21. fxe4 Qxc2 22. Qxc2
Rxc2 23. Bh5+ Kd7 24. Rb1 Nac4 25. Re1 Nd2 26. Ne3 Rxa2 27. Rbd1 N2xe4 28. Ng4
Nxf2 29. Nxf2 Bc3 {1/2-1/2 Wang Zili-Szekely,P/Beijing Lee Cup 1996}) 13. Bf2
e6 14. a4 Be5 15. a5 Qf6 16. Na4 O-O 17. c3 Bd7 18. Nb6 Rad8 19. O-O-O Bc8 20.
Kb1 $16 {Steingrimsson,H-Kristensen,B/Gausdal Int 1994}) (12. f4 gxf4 13. Bxf4
Be6 14. Nd5 b5 15. c3 Rb8 16. Bd3 Qd7 17. O-O Nc4 18. Qf2 Qb7 19. Rad1 N6e5 20.
Bb1 Rg8 21. Kh1 Ng4 22. Qe2 Nf6 23. Nxf6+ Bxf6 24. h3 Bg5 $132 {Stockfleth,
R-Reddmann,H/Hamburg HSK-ELO 1991.}) 12... Na5 $6 {This move allows White to
force a clearly better ending. It seems that more prudent choice was 12...Be6.}
13. Nxa5 Qxa5 14. Nd5 $1 Qxd2+ ({Now after} 14... Qd8 15. a5 {White's
advantage is evident. Black seeks for counterchances in the endgame.}) 15. Kxd2
Rb8 16. f3 Be6 17. c3 Bxd5 $6 {After this move White advantage on the
queenside becomes the crucial factor in the position. Better was 17...Nc6,
although in this case Black also faces very serious problems.} 18. exd5 Nd7 19.
a5 Be5 20. Bf2 {It is clearly meaningful for White to keep the bishop  pair.}
Nf6 21. Bc4 (21. c4 Bxb2 $140 22. Rb1 Be5 23. Ba7 Ra8 24. Rxb7 {also deserved
attention here. Now White threatens to win the queenside pawns after Ra4-b4
and Ba7.}) 21... g4 {Black tries to get a counterplay on the kingside. Passive
defense is definitely inefficient.} 22. Be3 gxf3 23. gxf3 Nh5 24. Ra4 Bf4 {
Finally, Black attains his strategical goal - to exchange the bishops. Yet,
White retains a large advantage, forcing a rook endgame.} 25. Bxf4 Nxf4 26.
Bb5+ axb5 27. Rxf4 Ra8 $2 {Loss of tempo. Better was 27...Rc8, and Black has
the important defensive resource Rc7 and threatens Rc5.} 28. Re1 $1 {[%csl Re7]
[%cal Ge1e7,Gf4e4] Aiming at Pe7- the crucial weakness in Black's camp.} Rg8 $2
{After this move the game is lost for Black.} (28... Rxa5 29. Rfe4 {yields
White a decisive initiative.}) ({Essential was} 28... Rc8 29. Rfe4 $140 Rc7 {
, offering a trace of resistance.}) 29. Rfe4 Rg5 30. Rxe7+ Kf8 31. b4 Rxd5+ 32.
Kc2 Rf5 33. Rxb7 Rxf3 34. Rd1 $1 ({The best continuation. After} 34. Rxb5 Rc8 {
[%csl Rc3][%cal Gc8c3,Gf3c3] Black get real counterchances.}) 34... Rc8 35. Rd3
Rf2+ 36. Kb3 Rf5 37. a6 ({Again,} 37. Rxd6 {would be a serious mistake in view
of} Rf3 {[%csl Rc3][%cal Gc8c3,Gf3c3] White has an absolutely winning position
and needs just to deprive Black of any chance for obtaining a counterplay.})
37... Re5 38. a7 Ree8 39. Rxd6 (39. Rxd6 {Now} Re3 {is met by} 40. Rc6 {
, following by Rb8.} (40. Rb8 $4 {would be a grave error in view of} Rexc3+ 41.
Kb2 Rc2+ 42. Kb1 Rc1+ {, with a draw by perpetual.})) 1-0

[Event "EU-Cup 19th"]
[Site "Rethymno"]
[Date "2003.10.04"]
[Round "7.3"]
[White "Borriss, Martin"]
[Black "Palliser, Richard"]
[Result "0-1"]
[WhiteElo "2445"]
[BlackElo "2438"]
[Annotator "Atlas,V"]
[PlyCount "68"]
[EventDate "2003.09.28"]
[EventType "team-swiss"]
[EventRounds "7"]
[EventCountry "GRE"]
[SourceTitle "CBM 098"]
[Source "ChessBase"]
[SourceDate "2004.02.03"]
[SourceVersion "1"]
[SourceVersionDate "2004.02.03"]
[SourceQuality "1"]
[WhiteTeam "Berlin SF"]
[BlackTeam "Barbican"]
[WhiteTeamCountry "GER"]
[BlackTeamCountry "ENG"]

1. e4 c5 2. Nf3 d6 3. d4 cxd4 4. Nxd4 Nf6 5. Nc3 a6 6. Be3 e5 7. Nb3 Be6 8. f3
Nbd7 9. g4 b5 10. g5 b4 11. Nd5 Nxd5 12. exd5 Bf5 13. Bd3 Bxd3 14. Qxd3 Be7 15.
h4 O-O 16. O-O-O a5 17. f4 a4 18. Nd2 exf4 19. Bxf4 Nc5 20. Qh3 Qa5 21. Kb1 Qa6
22. Rhe1 Rfe8 23. Re3 Bf8 24. h5 (24. Rxe8 Rxe8 25. h5 {was to be preferred.
After the text move Black develops a strong attack on the queenside. war
vorzuziehen. Nach dem Textzug entwickelt Schwarz starken Angriff am
Damenflügel.}) 24... b3 25. cxb3 Rxe3 26. Qxe3 axb3 27. a3 Nd3 28. Nxb3 (28.
Rf1 {is strongly met by findet die starke Erwiderung} Nxb2 29. Qxb3 Ra7 {
, with a dangerous attack. mit gefährlichem Angriff.}) {[%tqu "En","White is a
pawn up, but his king is unsafe. How should Black continue his attack?",
"Destroy the pawn shield around the enemy king.","Sacrifice your knight!",
"d3b2","After this powerful blow the White king is doomed.",5,"De","Weiß hat
einen Bauern mehr, aber sein König steht unsicher. Wie soll Schwarz seinen
Angriff fortsetzen?","Zerschlagen Sie den Bauernschild vor dem feindlichen
König.","Opfern Sie den Springer!","d3b2","Nach diesem Kraftzug ist der weiße
König verloren.",5]} 28... Nxb2 $1 {[%csl Ra3,Ga6,Ga8,Rb1,Rd1][%cal Ga8a3] The
knight sacrifice destroys White's defensive construction and yields Black an
irresistible attack. Dieser Springereinschlag zerstört die weiße
Verteidigungsbastion und verschafft Schwarz unwiderstehlichen Angriff.} 29.
Kxb2 (29. Rd2 {falls short of scheitert an} Nc4) ({If Falls} 29. Rd4 {, then ,
so} Qxa3 {, winning. mit Gewinn.}) 29... Qxa3+ 30. Kc3 (30. Kb1 {loses in view
of verliert wegen} Qa2+ 31. Kc1 Rc8+) 30... Rb8 $1 {The strongest continuation.
Die stärkste Fortsetzung.} 31. Qd4 (31. Rb1 {fails to scheitert an} Rc8+ 32.
Kd3 Qa6+ 33. Kd2 (33. Ke4 Re8+ 34. Kf3 Rxe3+ 35. Kxe3 (35. Bxe3 Qd3) 35... Qa2
36. Nd2 Qxd5) 33... Qa2+ {, winning. und gewinnt.}) 31... Qxb3+ 32. Kd2 Rb4 33.
Qe3 Qxd5+ 34. Ke2 Qg2+ (34... Qg2+ {[%csl Gb4,Re2,Re3,Rf4,Gg2] , and White
resigned in view of further material losses: und Weiß gab auf, den er erleidet
weitere Materialverluste:} 35. Qf2 (35. Kd3 Rb3+) (35. Ke1 Re4) 35... Qxf2+ 36.
Kxf2 Rxf4+) 0-1

[Event "Hoogovens-B"]
[Site "Wijk aan Zee"]
[Date "1997.01.30"]
[Round "8"]
[White "Van der Wiel, John"]
[Black "Peng, Zhaoqin"]
[Result "1/2-1/2"]
[WhiteElo "2555"]
[BlackElo "2370"]
[Annotator "Atlas,V"]
[PlyCount "67"]
[EventDate "1997.01.21"]
[EventType "tourn"]
[EventRounds "11"]
[EventCountry "NED"]
[EventCategory "10"]
[SourceTitle "CBM 057"]
[Source "ChessBase"]
[SourceDate "1997.04.01"]
[SourceVersion "1"]
[SourceVersionDate "1997.04.01"]
[SourceQuality "1"]

1. e4 c5 2. Nf3 d6 3. d4 cxd4 4. Nxd4 Nf6 5. Nc3 a6 6. a4 e5 7. Nde2 Be7 8. h3
$5 {The new approach in the standard position: instead of usual 8.g3, enabling
immediate fianchetto, followed by h2-h3, g3-g4 and Ne2-g3, White tries to
spare a tempo and realize set-up Ph3-Pg4 without preliminary g2-g3.} Be6 9. g4
d5 $1 {The most radical solution. This move leads to the ending, in which
Black has excellent counterchances.} 10. exd5 Nxd5 11. Bg2 Nxc3 12. Qxd8+ Bxd8
13. Nxc3 Nc6 {Black's temporary problems with the main diagonal are fully
compensated by the good pawn structure, excellent interaction between the
pieces and the weakeness of white pawns at the kingside.} 14. Be3 {This move
allows Black to significantly diminish White's pawn structure at the queenside.
However, 14.0-0 0-0 promises White no advantage.} Ba5 $1 15. O-O Bxc3 16. bxc3
O-O-O 17. Bxc6 {The best choice. Missing the opportunity to diminish the pawn
structure at the black's queenside could lead to the serious problems for
White.} bxc6 18. Rfb1 h5 $1 {Starting the active counterplay} 19. g5 $1 (19.
Rb6 $6 {fails to} hxg4 20. hxg4 (20. Rxc6+ Kd7) 20... Bd5 $1 {, and Black's
attack is very dangerous.}) 19... Bxh3 20. Rb6 Kc7 21. Rxa6 Ra8 22. Rxa8 Rxa8
23. a5 Kb7 ({The most prudent decision.} 23... Ra6 24. Bb6+ Kb7 25. Rb1 {
is to passive.}) 24. Rb1+ Ka6 25. c4 Rd8 26. Rb6+ Kxa5 27. Rb1 Ka6 (27... Rd7
28. Bc5 Ka6 29. Rb6+) 28. g6 fxg6 29. Rb6+ Ka5 30. Rb1 Ka6 31. Rb6+ Ka5 32. Rb1
Ka6 33. Rb6+ Ka5 34. Rb1 1/2-1/2

[Event "RUS-ch"]
[Site "Elista"]
[Date "1996.??.??"]
[Round "10"]
[White "Tiviakov, Sergei"]
[Black "Rashkovsky, Nukhim N"]
[Result "1-0"]
[WhiteElo "2615"]
[BlackElo "2530"]
[Annotator "Atlas,V"]
[PlyCount "64"]
[EventDate "1996.10.15"]
[EventType "swiss"]
[EventRounds "11"]
[EventCountry "RUS"]
[SourceTitle "CBM 056"]
[Source "ChessBase"]
[SourceDate "1997.02.01"]
[SourceVersion "1"]
[SourceVersionDate "1997.02.01"]
[SourceQuality "1"]

1. e4 c5 2. Nf3 d6 3. d4 cxd4 4. Nxd4 Nf6 5. Nc3 a6 6. Be3 Ng4 7. Bc1 Nf6 8.
Be3 Ng4 9. Bg5 h6 10. Bh4 g5 11. Bg3 Bg7 12. Be2 h5 13. h4 Nc6 14. Nb3 gxh4 15.
Rxh4 Be6 16. Qd2 Rc8 $5 {A novelty. The main continuation is 16...Qb6(16...
Bf6?! yields White an advantage after 17.Rh1 h4 18.Bf4 Bxc3 19.Qxc3 f6 20.f3
Nge5 21.0–0–0 Qc8 22.Kb1 Ng6 23.Be3 b5 24.f4+/- De la Villa,J - Pujos,S/
Benasque op 1996). Now the critical move is 17.Nd5 (17.Bxg4 hxg4 18.Rxh8+ Bxh8
19.0–0–0 Ne5 20.Nd5 Bxd5 21.Qxd5 e6 22.Qa5 Qxa5 23.Nxa5 0–0–0 does not seem to
be dangerous for Black, Thorhallsson,T-Brondum,E/Copenhagen op 1995) 17...Bxd5
18.exd5 Nce5 19.0–0–0 Bh6 20.f4 Qe3 21.Qxe3 (21.Rh3 Rc8<=>) 21...Nxe3 22.fxe5
Nf5+ 23.Kb1 Nxg3 24.exd6 Bg5 25.Rb4 Nxe2 26.dxe7 Bxe7 (26...b5 27.d6 Rh6 28.
Nc5 Ng3 29.Nxa6 Kd7 30.Nc7 Rxd6 31.Rxd6+ Kxc7 32.Rd3 Bxe7 33.Rxb5, with the
decisive advantage, Movsesian Sergei-Ftacnik Lubomir/Extra League 1996), and
now  A) 27.Rxb7!? Rg8! (27...Bh4? 28.Rb4!+/-; 27...Bd6? 28.c4+/-, de la Villa
Garcia,J-Hodgson,J/Zaragoza 1993) 28.Re1 (28.d6 Bxd6 29.Rxd6 Rxg2~~; 28.c4!?
Hodgson) 28...Rxg2 29.Nc1 Bh4 30.Rxe2+ Rxe2 31.Nxe2 0–0–0 32.Rxf7 Rxd5© o^h5; 
B) 27.d6 0–0–0 28.Rc4+ Kb8 29.Re4 Rxd6 30.Rxd6 Nc3+ 31.bxc3 Bxd6 32.Kc1 +/=
Arnold,L-Luft,A/BL2-S 1996] 16...Rc8 allows Black to avoid slightly worse
endgame, arising by force after 16...Qb6 17.Nd5, but this continuation seems
to yield White a clear advantage.} 17. f3 {This move would be bad after 16...
Qb6 in view of 17...Qg1+} Nge5 18. Bf2 Na5 (18... Nc4 19. Bxc4 $142 (19. Qg5 $2
Rg8 $1 $36 (19... Bf6 20. Rxh5 Rxh5 21. Qxh5 Nxb2)) 19... Bxc4 20. O-O-O {קh5}
) 19. Nxa5 Qxa5 20. Bd4 {[%csl Rh5][%cal Gd4g7] After this natural move
White's advantage is evident: he controls an importnat diagonal a1-h8,
threatening f3-f4, exerts a pressure upon the chronically weak pawn h5, and
has good prospects for attacking black king.} Rg8 21. a3 {Threatening 22.b3-b4
and 23.Rh5. Immediate 22.Rh5 would prove a wrong undertaking after 22...Nd3+.}
Bc4 22. Rxh5 $1 Bxe2 (22... Nd3+ $2 23. cxd3 Qxh5 24. dxc4 Qh1+ 25. Bf1 $18)
23. Kxe2 b5 (23... Bf6 24. g4 $16) 24. Rg5 $1 {After this move Black's rook is
pinned and there is not much hope for him to save the game.} Nc4 25. Qf4 f6 26.
Qg4 $1 {The last impoortant move.} Kf7 ({After} 26... fxg5 27. Qxc8+ Kf7 28.
Qf5+ Bf6 29. Bxf6 exf6 30. Rh1 {Black is lost.}) 27. Rxg7+ $1 {This wins
immediately.} Rxg7 28. Qxc8 Rxg2+ 29. Kf1 Rxc2 30. b4 Nd2+ 31. Ke2 Nb3+ 32. Ke3
Qa4 {Black resigned because of 33.Rg1, with an inevitable mate.} 1-0

[Event "FRA-ch"]
[Site "Aix les Bains"]
[Date "2003.08.21"]
[Round "4"]
[White "Apicella, Manuel"]
[Black "Guidarelli, Laurent"]
[Result "1-0"]
[WhiteElo "2522"]
[BlackElo "2392"]
[Annotator "Atlas,V"]
[PlyCount "89"]
[EventDate "2003.08.18"]
[EventType "tourn"]
[EventRounds "11"]
[EventCountry "FRA"]
[EventCategory "13"]
[SourceTitle "CBM 097"]
[Source "ChessBase"]
[SourceDate "2003.11.11"]
[SourceVersion "1"]
[SourceVersionDate "2003.11.11"]
[SourceQuality "1"]

1. e4 c5 2. Nf3 d6 3. d4 cxd4 4. Nxd4 Nf6 5. Nc3 a6 6. Be3 e5 7. Nb3 Be6 8. f3
h5 9. Qd2 Nbd7 10. O-O-O Rc8 11. Kb1 Qc7 12. Bd3 Be7 13. h3 b5 14. g4 Nb6 15.
Bxb6 Qxb6 16. g5 Nd7 17. Nd5 Bxd5 18. exd5 g6 19. Rhe1 Qd8 20. h4 O-O 21. Na5
Nb6 22. Nc6 Qd7 23. Be4 Rfe8 24. Qf2 Na4 25. c3 Nc5 26. Bc2 Bf8 27. Re3 Bg7 28.
Rde1 Rxc6 29. dxc6 Qxc6 30. f4 e4 31. f5 d5 32. f6 Bf8 33. Rd1 a5 34. Re2 Bd6
35. Qd4 Re5 36. Bb3 Ne6 37. Qd2 Nc7 38. a3 Bc5 39. Qf4 Rf5 40. Qg3 Rf3 {
Black has good compensation for the exchange. Schwarz hat gute Kompensation
für die Qualität.} 41. Qe5 Rf5 42. Bxd5 {The bishop sacrifice opens files for
the rooks. Black needs to play precisely to parry White's threats. Das
Läuferopfer öffnet Linien für die Türme. Schwarz muss präzise spielen, um die
weißen Drohungen zu parieren.} Nxd5 43. Qxe4 Bf8 (43... Bxa3 $5 {deserved
serious attention here. verdiente hier ernste Aufmerksamkeit.}) 44. Qe8 Qc5 $4
({A decisive mistake, leading to a spectacular game conclusion. After Ein
entscheidender Fehler, der zu einem spektakulären Partieschluss führt. Nach} 
44... Qc4 {or 44...Qe8, Black retains good chances. oder 44...Qe8 würde
Schwarz gute Chancen behalten.}) {[%tqu "En","Black seems to have defended.
How can White break this defence?","Exploit the weakness of Black's back rank.
","Use the e2-rook to destroy Black's defensive construction.","e2e7","This
spectacular rook thrust wins immediately.",5,"De","Offenbar hat Schwarz sich
verteidigt. Wie kann Weiß seine Bastion durchbrechen?","Nutzen Sie die
Schwäche der schwarzen Grundreihe aus.","Setzen Sie den Turm e2 ein, um die
schwarze Defensivkonstruktion zu zerstören.","e2e7","Dieser spektakuläre
Turmzug gewinnt sofort.",5]} 45. Re7 $1 {[%csl Gd1,Ge7,Ge8,Rf7,Rf8,Rg8][%cal
Gd1d8]} (45. Re7 {A remarkable game conclusion.Two spectacular mate finals
would occur after Ein sehenswerter Partieschluss. Es könnten sich zwei
spektakuläre Mattfinales ergeben, und zwar nach} Nxe7 46. Qxf8+ $3 Kxf8 47.
Rd8# {or 45...Nc3+ 46.bxc3 Qc4 47.Qf8+!! Kxf8 48.Rd8#. oder 45...Nc3+ 46.bxc3
Qc4 47.Qf8+!! Kxf8 48.Rd8#.}) 1-0

[Event "Excelsior Cup"]
[Site "Gothenburg"]
[Date "1997.??.??"]
[Round "4"]
[White "Moberg, Karl Johan"]
[Black "Hultin, Johan"]
[Result "1/2-1/2"]
[WhiteElo "2335"]
[BlackElo "2330"]
[Annotator "Atlas,V"]
[PlyCount "86"]
[EventDate "1997.01.??"]
[EventType "tourn"]
[EventRounds "9"]
[EventCountry "SWE"]
[EventCategory "9"]
[SourceTitle "CBM 057"]
[Source "ChessBase"]
[SourceDate "1997.04.01"]
[SourceVersion "1"]
[SourceVersionDate "1997.04.01"]
[SourceQuality "1"]

1. e4 c5 2. Nf3 d6 3. d4 cxd4 4. Nxd4 Nf6 5. Nc3 a6 6. Be3 Ng4 7. Bg5 h6 8. Bh4
g5 9. Bg3 Bg7 10. Be2 Ne5 11. h4 (11. f3 Nbc6 12. Nf5 Bxf5 13. exf5 Nd4 14. Bf2
Nxf5 15. Nd5 Rc8 16. c3 e6 17. Nb6 Rc6 18. Qb3 O-O $17 {Kondali,J-Sokolowski,R/
cr PL-40 1990}) (11. a4 Nbc6 12. Nb3 Be6 13. Nd5 Rc8 14. c3 Na5 15. Nd4 Nac4
16. Qc2 Bxd5 17. exd5 Qa5 18. Nf5 Bf6 19. Rd1 $13 {Nolse,E-Burden,J/op (9) 1995
}) 11... Nbc6 12. Nb3 Be6 $5 ({An interesting idea. This continuation is more
flexible than} 12... g4 13. h5 Be6 14. Nd5 Rc8 15. c3 b5 16. Ne3 {, and Balck
has some problems with Pg4,Vydeslaver,A - Istratescu,A, Halle WchJ 1995}) 13.
Nd5 (13. Qd2 g4) 13... Ng6 ({After} 13... Rc8 {White has} 14. f4 $5 gxf4 15.
Nxf4 {/\Ne6, Nh5, with good attacking possibilities.}) 14. c3 (14. h5 Nge5)
14... Nxh4 (14... Bxd5 15. exd5 Nce5 $14) 15. Bxh4 gxh4 16. Rxh4 {/\Nf4} (16.
Nf4 $5 {/\Ne6, /\Nh5 also deserved attention}) 16... Bxd5 17. exd5 Ne5 18. Qd2
Ng6 (18... Qc7 $14) 19. Rb4 Qd7 20. Bg4 Qc7 21. Bh5 $1 O-O-O $6 (21... Ne5 $142
22. f4 $140 Nc4 23. Qe2 Nxb2 $1) 22. Bxg6 fxg6 23. Qd3 Kb8 24. O-O-O Rhf8 25.
f3 g5 26. Kb1 Rf4 27. a3 Bf6 (27... h5 28. Qg6 $16) 28. Nd2 Rxb4 29. axb4 Qd7
$2 (29... h5 $142 {/\h4}) 30. Rh1 Rh8 31. g4 $16 Qe8 32. Ne4 $2 (32. Rh5 $16) (
32. Nb3 $5 {/\Nh5->} h5 33. Rxh5 Rxh5 34. gxh5 Qxh5 35. b5 $16 {->}) 32... h5
33. gxh5 Rxh5 34. Rxh5 (34. Re1 $5 $14) 34... Qxh5 35. Nf2 (35. Qd1 $5) 35...
Be5 36. Ng4 (36. Ka2) 36... Qh1+ 37. Ka2 Bf4 38. Qe2 Ka8 39. Qxe7 Qxf3 40. Nf6
Ka7 41. Qc7 Qd1 42. Nd7 Qa4+ 43. Kb1 Qd1+ 1/2-1/2

[Event "EU-chT (Men) 11th"]
[Site "Pula"]
[Date "1997.05.??"]
[Round "2.1"]
[White "Timman, Jan H"]
[Black "Kengis, Edvins"]
[Result "1/2-1/2"]
[WhiteElo "2630"]
[BlackElo "2585"]
[Annotator "Atlas,V"]
[PlyCount "53"]
[EventDate "1997.05.05"]
[EventType "team-swiss"]
[EventRounds "9"]
[EventCountry "CRO"]
[SourceTitle "CBM 057 Extra"]
[Source "ChessBase"]
[SourceDate "1997.05.01"]
[SourceVersion "1"]
[SourceVersionDate "1997.05.01"]
[SourceQuality "1"]
[WhiteTeam "Netherlands"]
[BlackTeam "Latvia"]
[WhiteTeamCountry "NED"]
[BlackTeamCountry "LAT"]

1. e4 c5 2. Nf3 d6 3. d4 cxd4 4. Nxd4 Nf6 5. Nc3 a6 6. Be3 e5 7. Nf3 Be7 8. Bc4
O-O 9. h3 Be6 (9... Nc6 {is another option here:} 10. O-O Na5 11. Bb3 Be6 12.
Qd3 Rc8 13. Rad1 h6 14. Rfe1 b5 15. Nh4 Nxb3 16. axb3 Qc7 17. Rd2 Rfd8 18. Red1
Qb7 19. Nf3 b4 20. Na4 Nxe4 21. Re2 Nc5 22. Qd2 Nxa4 23. bxa4 Bf5 24. Ne1 d5
25. Bxh6 gxh6 26. Rxe5 {1/2-1/2 Wolff,P-Benjamin,J/New York exh 1989}) 10. Bb3
b5 11. O-O h6 12. Nh4 $5 ({An interesting undertaking, which, however, does
not yield White any adavantage.} 12. Bd5 $5 {or 12.Nd5 were worth considering
in this position.}) 12... Nc6 13. Nf5 Bxf5 14. exf5 Na5 15. Nd5 ({After} 15.
Bd5 Rc8 (15... b4 {does not yield a sufficient compensation for an exchange:}
16. Bxa8 bxc3 17. Bd5 cxb2 18. Rb1) 16. a3 Nc4 {Black has an excellent play.})
15... Nxb3 16. axb3 ({After} 16. cxb3 {the position is about equal.}) 16...
Nxd5 17. Qxd5 Qc8 $1 {[%cal Gc8c2,Gc8f5] The key move. This double attack
yields Black an equal play.} 18. c4 $5 ({Ambitious} 18. g4 {seems to be
insufficient even for a draw:} Qxc2 19. Rfc1 Qxb2 20. Rcb1 Qc3 21. Rc1 Qb4 22.
Bd2 Qd4) (18. Qe4 {/\c4} d5 $1 19. Qxe5 Bf6 20. Qxd5 Qxc2 {leads to equality.})
18... bxc4 19. bxc4 Qxf5 20. b4 Qe6 $1 {Otherwise after 22.b5 Black is in
trouble.} 21. Qxe6 (21. Ra5 {was worth considering here. Now after} Qxd5 (21...
Bd8 $2 22. Qxa8 Bxa5 23. Qb7 $1) 22. Rxd5 {/\c5<=>} (22. cxd5 $6 Rfb8) 22...
Rfb8 23. c5 {White's initiative yields him a ceratin compensation for a pawn.})
21... fxe6 22. b5 axb5 23. cxb5 Rxa1 24. Rxa1 Rb8 25. Ra7 Bg5 $4 ({This
continuation leads to immediate equality. After} 25... Kf8 26. b6 d5 {Black
retains winning chances.}) 26. Bxg5 hxg5 27. Ra6 ({Now after} 27. Ra6 Rxb5 28.
Rxd6 {the position is absolutely equal.}) 1/2-1/2